书目信息 |
| 题名: |
虚拟仪器应用技术项目教程
|
|
| 作者: | 秦益霖 , 李晴 主编 | |
| 分册: | ||
| 出版信息: | 北京 中国铁道出版社 2015.2 |
|
| 页数: | 233页 | |
| 开本: | 26cm | |
| 丛书名: | ||
| 单 册: | ||
| 中图分类: | TH86 | |
| 科图分类: | ||
| 主题词: | 智能仪器--高等职业教育--教材 | |
| 电子资源: | ||
| ISBN: | 978-7-113-19540-3 | |
| 000 | 01178nam0 2200265 450 | |
| 001 | 0400002834 | |
| 005 | 20171026085116.06 | |
| 010 | @a978-7-113-19540-3@dCNY38.00 | |
| 100 | @a20171021e20172015em y0chiy ea | |
| 101 | 0 | @achi |
| 102 | @aCN@b110000 | |
| 105 | @aa z 000yy | |
| 106 | @ar | |
| 200 | 1 | @a虚拟仪器应用技术项目教程@9xu ni yi qi ying yong ji shu xiang mu jiao cheng@f秦益霖,李晴主编 |
| 205 | @a第2版 | |
| 210 | @a北京@c中国铁道出版社@d2015.2@h2017.6 | |
| 215 | @a233页@c图@d26cm | |
| 300 | @a“十二五”职业教育国家规划教材 全国高职高专院校机电类专业规划教材 | |
| 330 | @a本书分为五篇,第一篇为项目开篇,介绍虚拟仪器的基本知识和虚拟仪器测控系统的软/硬件环境。第二篇为体验篇,认识和使用虚拟仪器产品——ELVIS。第三篇为入门篇,介绍电烤箱温度测控系统项目。第四篇为提高篇,通过数字测控对象检测与控制的多个项目加以提高。第五篇为应用篇,主要通过电气设备性能测试、自动称重系统、基于机器视觉的电路板插件检测等实际应用项目,帮助读者掌握实际应用技能。 | |
| 606 | 0 | @a智能仪器@x高等职业教育@j教材 |
| 690 | @aTH86@v5 | |
| 701 | 0 | @a秦益霖@9qin yi lin@4主编 |
| 701 | 0 | @a李晴@9li qing@4主编 |
| 801 | 0 | @aCN@b91MARC@c20171021 |
| 905 | @b1032770-4@dTH86@f5@e20=2 | |
| 虚拟仪器应用技术项目教程/秦益霖,李晴主编.-第2版.-北京:中国铁道出版社,2015.2(2017.6) |
| 233页:图;26cm |
| “十二五”职业教育国家规划教材 全国高职高专院校机电类专业规划教材 |
| ISBN 978-7-113-19540-3:CNY38.00 |
| 本书分为五篇,第一篇为项目开篇,介绍虚拟仪器的基本知识和虚拟仪器测控系统的软/硬件环境。第二篇为体验篇,认识和使用虚拟仪器产品——ELVIS。第三篇为入门篇,介绍电烤箱温度测控系统项目。第四篇为提高篇,通过数字测控对象检测与控制的多个项目加以提高。第五篇为应用篇,主要通过电气设备性能测试、自动称重系统、基于机器视觉的电路板插件检测等实际应用项目,帮助读者掌握实际应用技能。 |
| ● |
| 相关链接 |
|
|
|
|
正题名:虚拟仪器应用技术项目教程
索取号:TH86/20=2
 
预约/预借
| 序号 | 登录号 | 条形码 | 馆藏地/架位号 | 状态 | 备注 |
| 1 | 1032770 | 210327706 | 第二样本阅览室/ [索取号:TH86/20=2] | 在馆 | |
| 2 | 1032771 | 210327715 | 密集书库-物理学院/ [索取号:TH86/20=2] | 在馆 | |
| 3 | 1032772 | 210327724 | 第三借阅区/ [索取号:TH86/20=2] | 在馆 | |
| 4 | 1032773 | 210327733 | 第三借阅区/ [索取号:TH86/20=2] | 在馆 | |
| 5 | 1032774 | 210327742 | 第三借阅区/ [索取号:TH86/20=2] | 在馆 |